000 00643nam a2200277Ia 4500
005 20260324150623.0
008 008 260324s9999 xx 000 0 eng d
020 _a9780429478550
037 _aEBOOK
040 _aCRL
040 _beng
040 _cCRL
041 _2eng
041 _aeng
084 _qCRL
100 _aMichael Balint
_91221125
245 0 _aProblems of Human Pleasure and Behaviour
260 _bTaylor and Francis
260 _c1957
365 _a
365 _b205
856 _uhttp://www.taylorfrancis.com/books/9780429478550
942 _cEBOOK
999 _c1836817
_d1836817